Пьесы из детской жизни (Запись № 5775500)

Подробности
000 -МАРКЕР
контрольное поле 01844nam0a22003011 4500
001 - ИДЕНТИФИКАТОР ЗАПИСИ
контрольное поле v19\rc\1740867
005 - ИДЕНТИФИКАТОР ВЕРСИИ
контрольное поле 20260406010654.0
035 ## - ДРУГИЕ СИСТЕМНЫЕ НОМЕРА
Идентификатор записи (NLR Aleph) 005248128
100 ## - ДАННЫЕ ОБЩЕЙ ОБРАБОТКИ
Данные общей обработки 20061204d1902 |||y0rusy50 ca
101 0# - ЯЗЫК РЕСУРСА
Язык текста, звукозаписи и т.д. русский
102 ## - СТРАНА ПУБЛИКАЦИИ ИЛИ ПРОИЗВОДСТВА
Страна публикации Российская Федерация
105 ## - ПОЛЕ КОДИРОВАННЫХ ДАННЫХ: ТЕКСТОВЫЕ МАТЕРИАЛЫ, МОНОГРАФИЧЕСКИЕ
Кодированные данные о монографическом текстовом документе y z |||ab
200 1# - ЗАГЛАВИЕ И СВЕДЕНИЯ ОБ ОТВЕТСТВЕННОСТИ
Основное заглавие Пьесы из детской жизни
Сведения, относящиеся к заглавию "Том Сойер", комедия в 3 карт. из романа М. Твэна "Приключения Тома". "Во сне и наяву", комедия в 3-х картинах. "Рыцарь без страха и упрека", героич. эпизод в 2-х картинах их биографии Бертрана дю-Гесклена
205 ## - СВЕДЕНИЯ ОБ ИЗДАНИИ
Сведения об издании 2-е изд., доп.
210 ## - ПУБЛИКАЦИЯ, РАСПРОСТРАНЕНИЕ И ДР.
Место издания, распространения и т.д. Санкт-Петербург
Имя издателя, распространителя и т. д. тип. А.С. Суворина
Дата издания, распространения и т.д. 1902
215 ## - ФИЗИЧЕСКАЯ ХАРАКТЕРИСТИКА
Специфическое обозначение материала и объем IV, 226, [1] с.
Размеры 17
464 #0 - АНАЛИТИЧЕСКИЙ УРОВЕНЬ
Встроенное поле 2001#$aТом Сойер$eКомедия в 3 карт. из романа М. Твэна "Приключения Тома"$aВо сне и наяву$eКомедия в 3 карт.$aРыцарь без страха и упрека$eГероич эпизод в 2 карт. из биографии Бертрана дю-Гесклена
-- 702#1$3RU\NLR\AUTH\77201$7ca$aТвен$bМ.$f1835-1910$gМарк$4570
-- 702#1$aДюгеклен$bБ.$fок. 1320-1380$gБертран$4570
Заглавие Рыцарь без страха и упрека
532 13 - РАСШИРЕННОЕ ЗАГЛАВИЕ
Заглавие Пьесы из детской жизни
700 #1 - ИМЯ ЛИЦА - ПЕРВИЧНАЯ ОТВЕТСТВЕННОСТЬ
Материалы, к которым относится поле rus
Графика поля Кириллица
Начальный элемент ввода Глаголин
Часть имени, кроме начального элемента ввода Б. С.
Даты 1879-1948
Расширение инициалов личного имени Борис Сергеевич
Идентификатор авторитетной/нормативной записи RU\NLR\AUTH\77116136
Системный номер авторитетной/нормативной записи 99061
801 #0 - ИСТОЧНИК ЗАПИСИ
Страна Российская Федерация
Организация NLR
Дата составления 20061204
Правила каталогизации psbo
801 #0 - ИСТОЧНИК ЗАПИСИ
Страна Российская Федерация
Организация RuMoRGB
Дата составления 20061204
Источник данных psbo
801 #1 - ИСТОЧНИК ЗАПИСИ
Страна Российская Федерация
Организация ProSoft-M
Дата составления 20061204
Источник данных rusmarc
801 #2 - ИСТОЧНИК ЗАПИСИ
Страна Российская Федерация
Организация NLR
Дата составления 20121025
Источник данных rusmarc
852 ## - МЕСТОНАХОЖДЕНИЕ И ШИФР ХРАНЕНИЯ
Идентификатор организации NLR
Шифр хранения (Call Number) 34.3.5.49
942 ## - ДОПОЛНИТЕЛЬНЫЕ ЭЛЕМЕНТЫ ЗАПИСИ (АБИС)
Тип экземпляра АБИС Книга
980 ## - КОЛЛЕКЦИЯ
Название коллекции Национальная библиография
Экземпляры
Тип экземпляра Дата поступления Библиотека постоянного хранения Библиотека текущего хранения Место хранения Шифр хранения Штрих-код Статус экземпляра
Книга 26.10.2013 РНБ (Садовая) РНБ (Садовая) Русский книжный фонд -Главное здание, Ленинский читальный зал 34.3.5.49 5248128-10